Alapszabály tervezet [SZEI]
Elmentve itt :
| Dokumentumtípus: | Cikk |
|---|---|
| Megjelent: |
1941-12
|
| Sorozat: | Szegedi Híd–Szegedi Egyetemi Ifjúság lapja
|
| Online Access: | http://misc.bibl.u-szeged.hu/74483 |
| LEADER | 00539nab a2200157 i 4500 | ||
|---|---|---|---|
| 001 | misc74483 | ||
| 005 | 20231214112048.0 | ||
| 008 | 231214s1941 hu o 000 hun d | ||
| 040 | |a SZTE Miscellanea Repozitórium |b hun | ||
| 041 | |a hun | ||
| 245 | 0 | 0 | |a Alapszabály tervezet [SZEI] |h [elektronikus dokumentum] |
| 260 | |c 1941-12 | ||
| 300 | |a 6-7 | ||
| 490 | 0 | |a Szegedi Híd–Szegedi Egyetemi Ifjúság lapja | |
| 561 | |a Szent-Györgyi Albertről szóló irodalom | ||
| 856 | 4 | 0 | |u http://misc.bibl.u-szeged.hu/74483/1/szgya_1941_014_001.pdf |z Dokumentum-elérés |